| 000 | 00774nam a2200229 i 4500 | ||
|---|---|---|---|
| 001 | bg | ||
| 100 | 1 | _aHOŁUBOWICZ, Roman | |
| 245 | 1 | 0 |
_aMarketing nasion / _cRoman Hołubowicz. |
| 260 |
_aPoznań : _bWydaw. Akademii Rolniczej im. Augusta Cieszkowskiego, _c1999. |
||
| 300 |
_a108 s. : _bfaks., fot. (gł. kolor.) ; _c24 cm. |
||
| 504 | _aBibliogr. s. 99-100. | ||
| 650 | 9 |
_aNasiennictwo _xmarketing |
|
| 655 | _aPodręczniki akademickie | ||
| 020 | _a8371601840 | ||
| 040 | _cBPK | ||
| 041 | 0 | _apol | |
| 080 | _a631.53:339.138](075.8) | ||
| 920 | _a83-7160-184-0 | ||
| 942 | _cKS | ||
| 008 | s pl f |000 0 pol | ||
| 999 |
_c43175 _d43175 |
||
| 856 |
_uhttp://koha.tu.koszalin.pl/cgi-bin/koha/opac-detail.pl?biblionumber=43175 _yKatalog online BPK |
||